=LDR 00000nam 2200000 4500 =001 INLIS000000000009062 =005 20130612100903 =008 ***********************************Ind** =035 ##$$0010-061300000009062 =041 ##$$a Ind =082 ##$$a 306.07 =090 ##$$a 306.07, Sar-m =100 ##$$a Sardan Ziauddin =245 ##$$a Mengenal cultural studies for beginners, Ziauddin Sardan dan Borin Van Loon =260 ##$$a 2001 $b Bandung =300 ##$$a 175 hlm, ilus, 21 cm =650 ##$$a Kebudayaan, studi =700 ##$$a Loan, Borin Van =850 ##$$a NBPNMAT